000 00568nam a2200169 i 4500
001 56754
003 ES-MaACL
005 20230906163434.0
007 t|
008 031013s1967 sp ||||1| spa d
110 0 _aHospital de Navarra (Pamplona)
_94595
245 1 0 _aMemoria
_b: estadística : año 1966 /
_cDiputación Foral de Navarra, Hospital de Navarra.
260 _aPamplona :
_b[s.n.,
_c1967] (
_fImp. de la Diputación)
300 _a115 p. ;
_c22 cm.
610 2 4 _aHospital de Navarra (Pamplona)-
_vMemorias.
_9169048
852 _aES-MaACL
_jC-32758
_bR.63292
999 _c56754
_d56754